| 000 | 00599nam a22001817a 4500 | ||
|---|---|---|---|
| 005 | 20260106142835.0 | ||
| 008 | 260106b |||||||| |||| 00| 0 eng d | ||
| 037 | _cTB | ||
| 040 |
_aAL _cAL |
||
| 084 | _qAL | ||
| 100 |
_aनायर, पी. के. _9862256 |
||
| 245 | _aमलयलमं साहित्याचा इतिहास | ||
| 260 |
_aदिल्ली, भारत: _bसाहित्य अकादेमी, _c1984. |
||
| 300 | _a288 p. | ||
| 365 |
_b40.00 _cINR |
||
| 942 |
_2CC _cTB _n0 |
||
| 999 |
_c1467051 _d1467051 |
||